|
|
|
|
| LEADER |
00000cam a2200000 7i4500 |
| 001 |
0000006942 |
| 005 |
20151222.0 |
| 008 |
070827 |
| 020 |
|
|
|a 9835807930
|
| 090 |
0 |
0 |
|a SC
|b ENG
|
| 245 |
1 |
0 |
|a Exploring life Science :
|b 7 Lymphatic systems-origanisms
|
| 260 |
|
|
|a Malaysia :
|b Federal Publication ,
|c 2003
|
| 500 |
|
|
|a Children ages 10-12 years old (pink)
|
| 650 |
|
0 |
|a Science
|x Juvenile literature
|
| 999 |
|
|
|a 0000986941
|b Book
|c Children Collection
|e Cawangan Tangkak
|
| 999 |
|
|
|a 0000986942
|b Book
|c Children Collection
|e Cawangan Bandar Tenggara
|
| 999 |
|
|
|a 0000986943
|b Book
|c Children Collection
|e Cawangan Sri Merlong
|
| 999 |
|
|
|a 0000986945
|b Book
|c Children Collection
|e Cawangan Tmn. Ungku Tun Aminah
|
| 999 |
|
|
|a 0001144704
|b Book
|c Children Collection
|e Cawangan Pontian
|
| 999 |
|
|
|a 0001144705
|b Book
|c Children Collection
|e Cawangan Segamat
|
| 999 |
|
|
|a 0001144706
|b Book
|c Children Collection
|e Cawangan Tmn. Ungku Tun Aminah
|
| 999 |
|
|
|a 0001144707
|b Book
|c Children Collection
|e Cawangan Bandar Penawar
|
| 999 |
|
|
|a 0001144710
|b Book
|c Children Collection
|e Cawangan Batu Pahat
|
| 999 |
|
|
|a 0001144712
|b Book
|c Children Collection
|e Cawangan Tmn. Ungku Tun Aminah
|
| 999 |
|
|
|a 0001144713
|b Book
|c Children Collection
|e Cawangan Taman Universiti
|
| 999 |
|
|
|a 0001146171
|b Book
|c Children Collection
|e Cawangan Pontian
|
| 999 |
|
|
|a 0001147336
|b Book
|c Children Collection
|e Cawangan Segamat
|
| 999 |
|
|
|a 0001147338
|b Book
|c Children Collection
|e Cawangan Pontian
|
| 999 |
|
|
|a 0001150427
|b Book
|c Children Collection
|e Cawangan Tmn. Ungku Tun Aminah
|
| 999 |
|
|
|a 0001150428
|b Book
|c Children Collection
|e Cawangan Tmn. Ungku Tun Aminah
|
| 999 |
|
|
|a 0001150435
|b Book
|c Children Collection
|e Cawangan Bukit Gambir
|
| 999 |
|
|
|a 0001150444
|b Book
|c Children Collection
|e Cawangan Segamat
|
| 999 |
|
|
|a 0001150445
|b Book
|c Teenagers
|e Cawangan Bandar Tenggara
|
| 999 |
|
|
|a 0001150956
|b Book
|c Children Collection
|e Cawangan Batu Pahat
|
| 999 |
|
|
|a 0001150957
|b Book
|c Children Collection
|e Cawangan Pontian
|
| 999 |
|
|
|a 0001150960
|b Book
|c Children Collection
|e Cawangan Segamat
|
| 999 |
|
|
|a 0001150961
|b Book
|c Children Collection
|e Cawangan Tmn. Ungku Tun Aminah
|